[Event "BCF-chT2 0708 (4NCL)"]
[Site "Sunningdale"]
[Date "2007.11.11"]
[Round "4.4"]
[White "Gayson, Peter"]
[Black "Morgan, Ben"]
[Result "1-0"]
[WhiteElo "2232"]
[BlackElo "2233"]
[PlyCount "59"]
[EventDate "2007.09.15"]
[EventType "team-tourn"]
[EventRounds "11"]
[EventCountry "ENG"]
[SourceTitle "EXT 2023"]
[Source "ChessBase"]
[SourceDate "2022.10.05"]
[SourceVersion "1"]
[SourceVersionDate "2022.10.05"]
[SourceQuality "1"]
[WhiteTeam "White Rose"]
[BlackTeam "Poisoned Pawns"]
[WhiteTeamCountry "ENG"]
[BlackTeamCountry "ENG"]

1. e4 c5 2. Nf3 Nc6 3. Nc3 g6 4. d4 cxd4 5. Nxd4 Bg7 6. Be3 Nf6 7. Bc4 Qa5 8. 0-0 0-0 9. Bb3 d6 10. h3 Bd7 11. f4 Qh5 12. Qxh5 Nxh5 13. Rad1 Nxd4 14. Bxd4 Bc6 15. Nd5 Rae8 16. g4 Nf6 17. Nxf6+ Bxf6 18. Bxf6 exf6 19. Rfe1 Bxe4 20. Rxd6 f5 21. Rd7 Rd8 22. Red1 Rc8 23. c3 fxg4 24. hxg4 Rc5 25. Re1 Bc6 26. Rc7 h5 27. Ree7 hxg4 28. Bxf7+ Kh8 29. Bd5 Rd8 30. Rh7# 1-0

[Event "BCF-chT3 0506 (4NCL)"]
[Site "Birmingham"]
[Date "2005.10.23"]
[Round "2.5"]
[White "Morgan, Ben"]
[Black "Burrows, Martin P"]
[Result "0-1"]
[WhiteElo "2250"]
[BlackElo "2200"]
[PlyCount "72"]
[EventDate "2005.10.22"]
[EventType "team"]
[EventRounds "11"]
[EventCountry "ENG"]
[SourceTitle "EXT 2007"]
[Source "ChessBase"]
[SourceDate "2006.11.23"]
[SourceVersion "1"]
[SourceVersionDate "2006.11.23"]
[SourceQuality "1"]
[WhiteTeam "Poisoned Pawns"]
[BlackTeam "Hilsmark Kingfisher II"]
[WhiteTeamCountry "ENG"]
[BlackTeamCountry "ENG"]

1. d4 Nf6 2. c4 g6 3. Nc3 Bg7 4. e4 d6 5. Nf3 0-0 6. Be2 e5 7. dxe5 dxe5 8. Qxd8 Rxd8 9. Bg5 Re8 10. 0-0-0 Na6 11. Nd2 c6 12. f3 Be6 13. a3 Nc5 14. b4 Ncd7 15. Nb3 b6 16. Kc2 Bf8 17. Nd5 cxd5 18. cxd5 Bg4 19. Nd2 a5 20. Kb3 Ra7 21. Bb5 axb4 22. axb4 Rea8 23. Bxf6 Nxf6 24. fxg4 Ra3+ 25. Kc4 Nxg4 26. Bc6 b5+ 27. Kxb5 Rb8+ 28. Bb7 Rxb7+ 29. Kc6 Rxb4 30. Rb1 Rc3+ 31. Kd7 Nf6+ 32. Kd8 Ra4 33. Ra1 Rd4 34. Nf3 Rxe4 35. Rhd1 Rec4 36. Ra8 Bd6 0-1

[Event "BCF-chT3 0405 (4NCL)"]
[Site "Telford"]
[Date "2005.01.16"]
[Round "4.2"]
[White "Ioannides, Milton"]
[Black "Morgan, Ben"]
[Result "0-1"]
[WhiteElo "2082"]
[BlackElo "2239"]
[PlyCount "60"]
[EventDate "2004.11.06"]
[EventType "team"]
[EventRounds "11"]
[EventCountry "ENG"]
[SourceTitle "EXT 2006"]
[Source "ChessBase"]
[SourceDate "2005.11.24"]
[SourceVersion "1"]
[SourceVersionDate "2005.11.24"]
[SourceQuality "1"]
[WhiteTeam "FCA Solutions"]
[BlackTeam "Poisoned Pawns"]
[WhiteTeamCountry "ENG"]
[BlackTeamCountry "ENG"]

1. e4 c5 2. Nf3 Nc6 3. d4 cxd4 4. Nxd4 g6 5. Nc3 Bg7 6. Be3 Nf6 7. f3 0-0 8. Qd2 d5 9. Nxc6 bxc6 10. e5 Nd7 11. f4 e6 12. Na4 Nxe5 13. Bc5 Re8 14. fxe5 Qh4+ 15. Qf2 Qxa4 16. Bd3 Bxe5 17. 0-0 f5 18. c3 Qa5 19. Rae1 Bg7 20. g4 Bd7 21. h4 f4 22. h5 g5 23. h6 Bf6 24. b4 Qc7 25. Qc2 Bc8 26. Bd6 Qxd6 27. Bxh7+ Kh8 28. Qg6 Qe7 29. Rf2 e5 30. Rfe2 Bxg4 0-1

[Event "BCF-chT3 0405 (4NCL)"]
[Site "Telford"]
[Date "2004.11.06"]
[Round "1.5"]
[White "Morgan, Ben"]
[Black "Winfridsson, Ola"]
[Result "0-1"]
[WhiteElo "2239"]
[BlackElo "2057"]
[PlyCount "72"]
[EventDate "2004.11.06"]
[EventType "team"]
[EventRounds "11"]
[EventCountry "ENG"]
[SourceTitle "EXT 2006"]
[Source "ChessBase"]
[SourceDate "2005.11.24"]
[SourceVersion "1"]
[SourceVersionDate "2005.11.24"]
[SourceQuality "1"]
[WhiteTeam "Poisoned Pawns"]
[BlackTeam "Poisoned Pawns II"]
[WhiteTeamCountry "ENG"]
[BlackTeamCountry "ENG"]

1. d4 Nf6 2. c4 e6 3. Nc3 Bb4 4. e3 c5 5. Nge2 b6 6. a3 Ba5 7. Rb1 Qe7 8. g3 Bb7 9. d5 Ne4 10. Bg2 Nxc3 11. bxc3 Qf6 12. 0-0 0-0 13. e4 d6 14. h4 h6 15. Bf4 exd5 16. exd5 Nd7 17. Be4 Rfe8 18. Bd3 Ne5 19. Bxe5 Rxe5 20. Rc1 Rae8 21. Nf4 Bc8 22. Nh5 Qe7 23. Qf3 Bh3 24. Rfd1 Qd7 25. Nf6+ gxf6 26. Qxf6 Bf5 27. Qxh6 Bxd3 28. Rxd3 Qf5 29. Rdd1 Re2 30. Rf1 Qe5 31. Rcd1 Bxc3 32. Rd3 Qf6 33. Qh5 Bd4 34. Qg4+ Qg6 35. Qf3 Qe4 36. Qxe4 R8xe4 0-1

[Event "BCF-chT4 0304 (4NCL)"]
[Site "West Bromwich "]
[Date "2004.06.20"]
[Round "11.1"]
[White "Morgan, Ben"]
[Black "Barnes, Michael"]
[Result "1-0"]
[WhiteElo "2204"]
[BlackElo "2262"]
[PlyCount "103"]
[EventDate "2003.10.??"]
[EventType "team"]
[EventRounds "11"]
[EventCountry "ENG"]
[SourceTitle "EXT 2005"]
[Source "ChessBase"]
[SourceDate "2004.11.15"]
[SourceVersion "1"]
[SourceVersionDate "2004.11.15"]
[SourceQuality "1"]
[WhiteTeam "Poisoned Pawns II"]
[BlackTeam "Nottinghamshire"]
[WhiteTeamCountry "ENG"]
[BlackTeamCountry "ENG"]

1. d4 Nf6 2. c4 g6 3. Nc3 Bg7 4. e4 d6 5. Nf3 0-0 6. h3 Na6 7. Bg5 c6 8. a3 Nc7 9. Bd3 b5 10. cxb5 cxb5 11. 0-0 a6 12. Qd2 Bb7 13. Rfe1 Ne6 14. Be3 d5 15. e5 Ne4 16. Bxe4 dxe4 17. Ng5 Nxg5 18. Bxg5 f6 19. exf6 exf6 20. Bh6 f5 21. Bxg7 Kxg7 22. d5 Qf6 23. Rad1 Rad8 24. Qd4 Rd6 25. a4 bxa4 26. Qxa4 Rfd8 27. Qa5 R8d7 28. Rd2 Qd8 29. Qa4 Qb6 30. Qc4 Rc7 31. Qe2 Rcd7 32. Qc4 Rc7 33. Qe2 a5 34. Nb5 Ba6 35. Nxd6 Bxe2 36. Ne8+ Kg8 37. Nxc7 Bd3 38. Rc1 Qd4 39. Rc3 f4 40. Ne6 Qe5 41. Rd1 g5 42. Nc5 Be2 43. Rd2 Bb5 44. d6 e3 45. d7 Bxd7 46. Rxd7 exf2+ 47. Kxf2 f3 48. Ne4 Qb8 49. Rcc7 Qxb2+ 50. Kxf3 Qa3+ 51. Nc3 Qf8+ 52. Ke2 1-0

[Event "BCF-chT2 0203 (4NCL)"]
[Site "West Bromwich"]
[Date "2002.11.24"]
[Round "2.5"]
[White "Adams, Mark"]
[Black "Morgan, Ben"]
[Result "1/2-1/2"]
[WhiteElo "2106"]
[BlackElo "2217"]
[PlyCount "73"]
[EventDate "2002.11.??"]
[EventType "team"]
[EventRounds "11"]
[EventCountry "ENG"]
[SourceTitle "EXT 2004"]
[Source "ChessBase"]
[SourceDate "2003.11.25"]
[SourceVersion "1"]
[SourceVersionDate "2003.11.25"]
[SourceQuality "1"]
[WhiteTeam "SW Dragons II"]
[BlackTeam "Poisoned Pawns"]
[WhiteTeamCountry "ENG"]
[BlackTeamCountry "ENG"]

1. e4 c5 2. Nf3 Nc6 3. d4 cxd4 4. Nxd4 g6 5. c4 Bg7 6. Be3 Nf6 7. Nc3 0-0 8. Be2 d6 9. 0-0 Bd7 10. Qd2 Nxd4 11. Bxd4 Bc6 12. Bd3 a5 13. Rae1 Re8 14. Nd5 Bxd5 15. exd5 Nd7 16. Bxg7 Kxg7 17. Re3 Nf8 18. Rfe1 e5 19. dxe6 Rxe6 20. Be4 Qf6 21. Bd5 Rxe3 22. Rxe3 Ne6 23. Rb3 Re8 24. Rxb7 Qe5 25. h4 a4 26. g3 Rf8 27. Bxe6 Qxe6 28. Qd5 Qxd5 29. cxd5 Kf6 30. f4 Kf5 31. Rb4 Kg4 32. Kf2 Rc8 33. Rxa4 Rc2+ 34. Ke3 Rxb2 35. Ra6 Kxg3 36. Rxd6 Rxa2 37. Rd7 1/2-1/2

[Event "BCF-chT2 0102 (4NCL)"]
[Site "Birmingham"]
[Date "2002.05.04"]
[Round "9.2"]
[White "Morgan, Ben"]
[Black "Van Voorthuijsen, Pieter W"]
[Result "1-0"]
[WhiteElo "2200"]
[BlackElo "2324"]
[PlyCount "113"]
[EventDate "2001.09.22"]
[EventType "team"]
[EventRounds "11"]
[EventCountry "ENG"]
[SourceTitle "EXT 2003"]
[Source "ChessBase"]
[SourceDate "2002.11.25"]
[SourceVersion "1"]
[SourceVersionDate "2002.11.25"]
[SourceQuality "1"]
[WhiteTeam "Poisoned Pawns"]
[BlackTeam "Athenaeum"]
[WhiteTeamCountry "ENG"]
[BlackTeamCountry "ENG"]

1. e4 d6 2. d4 g6 3. Nc3 Bg7 4. Be3 a6 5. Qd2 b5 6. Bd3 Nd7 7. a4 b4 8. Nce2 a5 9. Nf3 Bb7 10. Ng3 c5 11. c3 bxc3 12. bxc3 Qc7 13. 0-0 c4 14. Bc2 Ngf6 15. Bh6 0-0 16. Bxg7 Kxg7 17. Qg5 Ng8 18. Nf5+ Kh8 19. Nxe7 f6 20. Nd5 Qd8 21. Qh4 Bxd5 22. exd5 Kg7 23. Rfe1 Nb6 24. Rab1 Ra7 25. Qg3 Nxd5 26. Nd2 Nb6 27. Re6 Rd7 28. Rb5 Qc7 29. Rxa5 Ra8 30. Rxa8 Nxa8 31. Ne4 d5 32. Qxc7 Nxc7 33. Rd6 Re7 34. Nd2 Ne8 35. Rxd5 Re2 36. g4 Rxd2 37. Be4 f5 38. Rd7+ Kf8 39. Bd5 Nef6 40. Rf7+ Ke8 41. Bxc4 Ne4 42. gxf5 Nh6 43. Rxh7 Nxf5 44. Bf7+ Kf8 45. Bxg6 Ng5 46. Bxf5 Nxh7 47. Bxh7 Rd1+ 48. Kg2 Rc1 49. Bd3 Rxc3 50. Bb5 Ke7 51. d5 Kd6 52. Bc6 Ke5 53. h3 Rd3 54. h4 Kf5 55. h5 Rc3 56. h6 Kg6 57. a5 1-0

[Event "Varsity Oxbridge m 120th"]
[Site "London"]
[Date "2002.03.20"]
[Round "1"]
[White "Meyer, Harvey"]
[Black "Morgan, Ben"]
[Result "1/2-1/2"]
[WhiteElo "2228"]
[BlackElo "2200"]
[PlyCount "55"]
[EventDate "2002.03.09"]
[EventType "team"]
[EventRounds "1"]
[EventCountry "ENG"]
[SourceTitle "CBM 087 Extra"]
[Source "ChessBase"]
[SourceDate "2002.05.03"]
[SourceVersion "2"]
[SourceVersionDate "2002.08.09"]
[SourceQuality "1"]

1. e4 c5 2. Nf3 Nc6 3. Bb5 e6 4. 0-0 Nge7 5. b3 Ng6 6. Bb2 f6 7. d4 cxd4 8. Nxd4 Bc5 9. c3 0-0 10. Na3 a6 11. Be2 Nf4 12. Re1 Nxe2+ 13. Rxe2 d5 14. Nxc6 bxc6 15. Rd2 Qe8 16. Qe2 Qg6 17. Re1 Kh8 18. Nc2 e5 19. exd5 cxd5 20. Ne3 d4 21. Qc4 dxe3 22. Qxc5 exf2+ 23. Qxf2 Bg4 24. c4 Rfd8 25. c5 Rxd2 26. Qxd2 Bf3 27. Rc1 Bc6 28. Qc2 1/2-1/2

[Event "Keres Memorial 26th"]
[Site "Vancouver"]
[Date "2001.05.29"]
[Round "6"]
[White "Valvo, Michael Joseph"]
[Black "Morgan, Ben"]
[Result "1/2-1/2"]
[WhiteElo "2368"]
[BlackElo "2178"]
[PlyCount "95"]
[EventDate "2001.05.18"]
[EventType "swiss"]
[EventRounds "7"]
[EventCountry "CAN"]
[SourceTitle "CBM 082 Extra"]
[Source "ChessBase"]
[SourceDate "2001.07.03"]
[SourceVersion "1"]
[SourceVersionDate "2001.07.03"]
[SourceQuality "1"]

1. e4 c5 2. Nf3 Nc6 3. d4 cxd4 4. Nxd4 g6 5. c4 Bg7 6. Be3 Nf6 7. Nc3 0-0 8. Be2 d6 9. 0-0 Bd7 10. Qd2 Nxd4 11. Bxd4 Bc6 12. f3 a5 13. Rab1 Nd7 14. Be3 Nc5 15. b3 Be5 16. a3 e6 17. Bf4 Bxf4 18. Qxf4 e5 19. Qd2 Ne6 20. Bd1 Qb6+ 21. Kh1 Qc5 22. Qc1 Qa7 23. Rb2 Qb8 24. Qd2 Qc7 25. Qe3 Qe7 26. Rd2 Rfd8 27. Bc2 Qc7 28. Rfd1 b6 29. Kg1 Nd4 30. Ne2 Ne6 31. f4 Bb7 32. f5 Qc5 33. Qxc5 Nxc5 34. fxg6 Bxe4 35. gxh7+ Kxh7 36. Rf1 Kg6 37. Nc3 Bxc2 38. Rxc2 Nxb3 39. Rcf2 Ra7 40. Nd5 Nd4 41. Rf6+ Kg7 42. g3 Rc8 43. Rxd6 Rxc4 44. Rxb6 Rc2 45. Ne3 Ra2 46. Nf5+ Nxf5 47. Rxf5 Rc7 48. Rg5+ 1/2-1/2

[Event "Keres Memorial 26th"]
[Site "Vancouver"]
[Date "2001.05.19"]
[Round "3"]
[White "Morgan, Ben"]
[Black "Gentes, Kevin"]
[Result "1/2-1/2"]
[WhiteElo "2178"]
[BlackElo "2298"]
[PlyCount "160"]
[EventDate "2001.05.18"]
[EventType "swiss"]
[EventRounds "7"]
[EventCountry "CAN"]
[SourceTitle "CBM 082 Extra"]
[Source "ChessBase"]
[SourceDate "2001.07.03"]
[SourceVersion "1"]
[SourceVersionDate "2001.07.03"]
[SourceQuality "1"]

1. e4 c5 2. c3 d5 3. exd5 Qxd5 4. d4 Nf6 5. Nf3 cxd4 6. cxd4 e6 7. Nc3 Qd8 8. Bd3 Be7 9. 0-0 0-0 10. Bg5 Nc6 11. a3 b6 12. Qe2 Bb7 13. Rad1 Nd5 14. Bc1 Na5 15. Bb1 Nxc3 16. bxc3 Qd5 17. Rfe1 Bd6 18. Ba2 Qh5 19. Ne5 Qxe2 20. Rxe2 Bxe5 21. Rxe5 Rac8 22. Bb2 Rfd8 23. Ree1 Bd5 24. Bb1 Nc4 25. Bc1 Rc6 26. Bd3 Nd6 27. Bb2 f6 28. f3 Kf7 29. Kf2 Rdc8 30. Ra1 Nc4 31. Bxc4 Rxc4 32. Re3 Ke7 33. Ke1 Kd7 34. Kd2 g5 35. h4 Rg8 36. hxg5 Rxg5 37. g4 h5 38. gxh5 Rc8 39. Rh1 Rh8 40. h6 Rg2+ 41. Re2 Rg6 42. Reh2 Bxf3 43. Rf1 Bd5 44. h7 Bc4 45. Rf4 Ke7 46. Rfh4 Kf7 47. R4h3 b5 48. Kc2 a5 49. Bc1 Bd5 50. Rh4 a4 51. Be3 Rg2+ 52. Rxg2 Bxg2 53. Kd2 Bd5 54. Bf2 Ba2 55. Rh1 Bd5 56. Rh4 Bc6 57. Bg3 Be8 58. Bf4 Kg7 59. Bh6+ Kg6 60. Bf8 Rxh7 61. Rxh7 Kxh7 62. Ke3 Kg6 63. Kf4 Bc6 64. Bd6 Kf7 65. Bc5 Ke8 66. Bb4 Kd7 67. Bc5 Bh1 68. Bf8 Kc6 69. Be7 Kd5 70. Bb4 Kc4 71. Ba5 Kb3 72. Bb4 Kc2 73. Ba5 Bd5 74. Bb4 Kb3 75. Kg4 Kc4 76. Kf4 Bc6 77. Ba5 Be8 78. Bb4 Bg6 79. Ba5 Bb1 80. Bb4 Kd5 1/2-1/2

[Event "Keres Memorial 26th"]
[Site "Vancouver"]
[Date "2001.05.18"]
[Round "2"]
[White "Gardner, Robert"]
[Black "Morgan, Ben"]
[Result "0-1"]
[WhiteElo "2222"]
[BlackElo "2178"]
[PlyCount "120"]
[EventDate "2001.05.18"]
[EventType "swiss"]
[EventRounds "7"]
[EventCountry "CAN"]
[SourceTitle "CBM 082 Extra"]
[Source "ChessBase"]
[SourceDate "2001.07.03"]
[SourceVersion "1"]
[SourceVersionDate "2001.07.03"]
[SourceQuality "1"]

1. e4 c5 2. Nf3 Nc6 3. d4 cxd4 4. Nxd4 g6 5. c4 Bg7 6. Be3 Nf6 7. Nc3 0-0 8. Be2 d6 9. 0-0 Bd7 10. Rc1 Nxd4 11. Bxd4 Bc6 12. Qd3 a5 13. h4 Nd7 14. Bxg7 Kxg7 15. h5 Nc5 16. Qe3 e5 17. f4 exf4 18. Rxf4 Qe7 19. Rcf1 Rae8 20. Bd3 Qe5 21. h6+ Kg8 22. Bb1 Qg5 23. Qf2 Re7 24. Rh4 Nd7 25. Nd5 Bxd5 26. exd5 Qe3 27. Qxe3 Rxe3 28. Re4 Rxe4 29. Bxe4 Re8 30. Bf3 Nc5 31. b3 f5 32. g4 f4 33. Rb1 Re3 34. Kg2 g5 35. b4 axb4 36. Rxb4 Kf7 37. Rb2 Kf6 38. Bd1 Rg3+ 39. Kf1 Rh3 40. Kg2 Rg3+ 41. Kh2 Rd3 42. Be2 Re3 43. Bd1 Re7 44. Kg2 Kg6 45. Bc2+ Kxh6 46. Bf5 Re8 47. Rb6 Rd8 48. Rb1 Kg7 49. Re1 Rf8 50. Re7+ Rf7 51. Re8 Kf6 52. Rh8 Ke5 53. Bxh7 f3+ 54. Kf2 Kf4 55. Bf5 Re7 56. Be6 Ne4+ 57. Kg1 Kg3 58. Rf8 Rh7 59. Bg8 Rh6 60. c5 Nf2 0-1